000 01555cam a22003371 4500
001 20552
003 BD-RjUL
005 20211209000600.0
008 140301s1935 xx 000 0 eng
035 _a(BD-RjUL)20614
035 _a(OCoLC)4111284
040 _aDLC
_cOU
_dDLC
_dBD-RjUL
_beng
041 _aeng
082 _a829.1
_bIDP
100 1 _aIdle, Peter,
_d-1474?
_963413
245 0 0 _aPeter Idley's Instructions to his son /
_cedited, with introd. and notes by Charlotte D'Evelyn.
260 _aPublished by the Modern language association of america. Boston :
_bHeath and company; London, Oxford university press,
_c1935.
300 _avii, 240 p. :
_bfront., pl. ;
_c25 cm.
490 0 _aThe Modern language association of America. Monograph series. VI
500 _aA fifteenth century didactic poem in two books, the first of which is based on two Latin treatises of Albertano da Brescia, Liber consolationis and Liber de amore Dei and the second on R. Mannyng's Handlyng synne and Lydgates's Fall of princes.
500 _aPrinted from Cambridge university ms. Ee.4.37 (E).
500 _a"List of abbreviated titles"; p. 211-212.
700 0 _aAlbertano,
_cda Brescia,
_dactive 13th century.
_963414
700 1 _aD'Evelyn, Charlotte,
_d1889-
_eed.
_963415
700 1 _aMannyng, Robert,
_dactive 1288-1338.
_tHandlyng synne.
_963416
700 1 _aBoccaccio, Giovanni,
_d1313-1375.
_tLydgate's Fall of princes.
_963417
942 _2ddc
_cBK
999 _c20552
_d20552